000 01006 a2200229 4500
001 64008
005 20260521160828.0
008 260521a1989 arg spa d
003 AR-UNSa-BCEJYS
040 _aAR-UNSa-BCEJYS
_bspa
_cAR-UNSa-BCEJYS
080 _a658.012.4
_xGestión. Dirección. Autoridad. Técnicas y métodos de gestión (gestión del conocimiento, Outsourcing, Benchmarking...)
245 1 0 _aLa innovación tecnológica y su gestión
020 _a978-84-267-0733-8
264 1 _aBarcelona :
_bMarcombo
_c1989
300 _a130 p.
_c24 cm.
505 _a1. Investigación e innovación en la industria - 2. Enfoques teóricos de la innovación - 3. La empresa innovadora - 4. Calidad, normalización, certificación y homologación - 5. Tecnologías de la información e innovación - 6. Política industrial e innovación -
041 _aspa
942 _cBK
590 _aniveau_biblio:m niveau_hierar:0
100 1 _aRuiz González, Manuel
700 1 _aMandado Pérez, Enrique
999 _c36486
_d36486